header

The rise of Chicago's Black metropolis, 1920-1929 (Record no. 147849)

MARC details
000 -LEADER
fixed length control field 01378nam a2200349Ia 4500
082 04 - DEWEY DECIMAL CLASSIFICATION NUMBER
Classification number 305.896/073077311
100 1# - MAIN ENTRY--AUTHOR NAME
Personal name Reed, Christopher Robert.
245 14 - TITLE STATEMENT
Title The rise of Chicago's Black metropolis, 1920-1929
260 ## - PUBLICATION, DISTRIBUTION, ETC. (IMPRINT)
Place of publication Urbana :
Name of publisher University of Illinois Press,
Year of publication c2011.
300 ## - PHYSICAL DESCRIPTION
Number of Pages viii, 271 p. :
Other physical details ill.
490 1# - SERIES STATEMENT
Series statement The new Black studies series
650 #0 - SUBJECT ADDED ENTRY--TOPICAL TERM
Topical Term African Americans
856 40 - ELECTRONIC LOCATION AND ACCESS
Uniform Resource Identifier http://site.ebrary.com/lib/rucke/Doc?id=10532380

No items available.

© 2026 Rongo University
Contact us: librarian | system librarian | Rongo university